| 000 | 02572njm a2200397Ia 4500 | ||
|---|---|---|---|
| 001 | 26560 | ||
| 003 | IT-RoPAU | ||
| 005 | 20220918181132.0 | ||
| 008 | 131025s9999 xx 000 0 und d | ||
| 040 | _aIT-RoPAU | ||
| 040 | _cIT-RoPAU | ||
| 999 |
_c100718 _d100718 |
||
| 999 | _bn.d. | ||
| 100 |
_aAA.VV. _9794 |
||
| 100 |
_eAutore musica _915829 |
||
| 100 |
_gCodice autore musica SPICS: 12000 _9796 |
||
| 245 | _aS.O.S. | ||
| 250 | _a1a ed. | ||
| 260 | _aROMA | ||
| 260 |
_bSPICS RECORDS _c1985 [1a Ed.:1972 - Ed. Lingua Orig.: 1972] |
||
| 300 | _aMUSICASSETTA | ||
| 500 | _aMusica strumentale. Arrangiamento. | ||
| 505 | _aMinuetto - Adagio in sol min - Amadeus and the Banjo From 40Th Symphony - Save Our Souls From Jesus Joy of Man's Desiring - Magpie's Bagpipes From the Thieving Magpie - Fantasy Land From New World Symphony - Waterloo's Stamp From 5 Symphony - And the Shoes Fits. Ouv. From La Cenerentola - Grass Machine From La Primavera - Analising Three From Eine Kleine Nachmusik - Senn Thru the Ears of the Allelujah Chorus - Night On Bare Mountain | ||
| 650 |
_aSTRUMENTALE [CASSETTE] _eCodice MATERIA SPICS: 9951 _91218 |
||
| 700 |
_aMimms Tony _gCodice autore e interprete SPICS: 9968 _eAutore e interprete _915830 |
||
| 700 |
_aBoccherini Luigi _gCodice autore musica SPICS: 7898 _eAutore musica _pMinuetto _915831 |
||
| 700 |
_aAlbinoni Tomaso _gCodice autore musica SPICS: 7834 _eAutore musica _pAdagio in sol min _915832 |
||
| 700 |
_aMozart Wolfgang Amadeus _gCodice autore musica SPICS: 3486 _eAutore musica _pCodice autore musica SPICS: 3486 - Analising Three From Eine Kleine Nachmusik _915833 |
||
| 700 |
_aBach Johann Sebastian _gCodice autore musica SPICS: 9695 _eAutore musica _pSave Our Souls From Jesus Joy of Man's Desiring _915834 |
||
| 700 |
_aRossini Gioachino _gCodice autore musica SPICS: 11125 _eAutore musica _pMagpie's Bagpipes From the Thieving Magpie - And the Shoes Fits. Ouv. From La Cenerentola _915835 |
||
| 700 |
_aDvorak Antonin _gCodice autore musica SPICS: 10772 _eAutore musica _pFantasy Land From New World Symphony _915836 |
||
| 700 |
_aBeethoven Ludwig Van _gCodice autore musica SPICS: 10721 _eAutore musica _pWaterloo's Stamp From 5 Symphony _915837 |
||
| 700 |
_aVivaldi Antonio _gCodice autore musica SPICS: 11195 _eAutore musica _pGrass Machine From La Primavera _915838 |
||
| 700 |
_aHandel Georg Friedrich _gCodice autore musica SPICS: 5619 _eAutore musica _pSenn Thru the Ears of the Allelujah Chorus _915839 |
||
| 700 |
_aMusorgskij Modest _gCodice autore musica SPICS: 3431 _eAutore musica _pNight On Bare Mountain _915840 |
||
| 942 |
_cMC _2ddc |
||